Thomas Tuchel's England Cap Quiz - Statistics

General Stats
  • This quiz has been taken 37 times
    34 since last reset
  • The average score is 10 of 18
Answer Stats
% Correct
Harry Kane
100%
Jordan Pickford
97%
Jude Bellingham
87%
Declan Rice
77%
Marc Guehi
77%
Phil Foden
77%
Kyle Walker
71%
Marcus Rashford
65%
Jordan Henderson
55%
Reece James
55%
Eberechi Eze
42%
Ezri Konsa
35%
Dan Burn
32%
Morgan Rogers
32%
Anthony Gordon
29%
Myles Lewis-Skelly
29%
Curtis Jones
26%
Jarrod Bowen
23%
No matching quizzes found
Score Distribution
Percent of People with Each Score
Percentile by Number Answered
Your Score History
You have not taken this quiz since the last reset